000 00767nam a22001937a 4500
999 _c58497
_d58497
005 20220428112530.0
008 220428s2013 enk||||| |||| 00| 0 eng d
020 _a9788123923307
041 _aeng
080 _a611(084.4) BD-13
245 _aBD Chaurasia's Human Anatomy Regional and Applied Dissection and Clinicaln :
_b Volume 1 Upper Limb Thorax /
_cChief Editor Krishna Garg.
264 _aNew Delhi :
_b CBS Publishers &Distributors Pvt Ltd,
_c2013.
300 _a310 p.:
_bill.
_c28 cm.
653 _a BD Chaurasia's Human Anatomy
653 _aRegional and Applied Dissection and Clinicaln
653 _aადამიანის ანატომია | მედიცინა
700 _aGarg, Krishna
_eChief Editor
_99472
942 _2udc
_cBK